| 000 | 01325naa a2200217 i 4500 | ||
|---|---|---|---|
| 001 | 1563 | ||
| 003 | KOSZ 005 | ||
| 005 | 20180418113934.0 | ||
| 008 | 150624s2001 pl f |100 0 pol | ||
| 040 |
_cBPK _dKOSZ 005/EG |
||
| 080 | _a352/353.071 | ||
| 100 | 1 |
_aPOLAK, Bogusław. _d2000 - 2003. _bPolitechnika Koszalińska - Wydział Ekonomii i Zarządzania, _cKatedra Nauk Humanistycznych i Stosunków Międzynarodowych |
|
| 245 | 1 | 0 |
_aWojewództwo środkowopomorskie. Konflikt polityki z oczekiwaniami społecznymi / _cBogusław Polak. |
| 500 | _aDane z autopsji. | ||
| 520 | _aOd wprowadzenia reformy administracyjnej dokonało się zasadnicze przewartościowanie dążeń o utworzenie województwa środkowopomorskiego: z rąk polityków inicjatywa przenosi się coraz bardziej na obszar oddolnych inicjatyw społecznych. | ||
| 650 | 0 | _aPolityka. | |
| 655 | 0 | _aMateriały konferencyjne. | |
| 711 | 2 | 2 |
_aKonferencja Naukowa nt. Integracja i rozwój Pomorza Środkowego _d(2001 ; _cKoszalin, Polska). |
| 773 | 0 |
_iW : _tIntegracja i rozwój Pomorza Środkowego : materiały na konferencję naukową, Koszalin 19 luty 2001 / [red. Andrzej Suszyński, Stanisław Bartoszewski, Leszek Brożek]. - _dKoszalin : Polskie Towarzystwo Ekonomiczne. Oddział : Wydaw. WEiZ PK, 2001. - _gs. 15-26 |
|
| 942 |
_cROZ _2UKD |
||
| 999 |
_c1563 _d1563 |
||